| 000 | 00454nam a2200169 a 4500 | ||
|---|---|---|---|
| 001 | 000021758 | ||
| 005 | 20200930011434.0 | ||
| 008 | 100910s1990 ||| r 000 | spa d | ||
| 040 |
_aDO-SdBNP _bspa _cBNPHU |
||
| 082 |
_axxx _bL435h |
||
| 100 | 1 |
_aLeal Spengler, Eusebio _945211 |
|
| 245 | 1 | 3 |
_aHistoria de Cuba / _cEusebio Leal Spengler. |
| 260 |
_a[s.l.] : _bElecta, _c1990. |
||
| 300 |
_a240 p. ; _c22 cm. |
||
| 490 |
_aBrevarios _v158 |
||
| 049 | _aBNGR | ||
| 999 |
_c21257 _d21257 |
||